Creative Intuition in Art and Poetry /

Estudio de filosofía del arte en la que Jacques Maritain establece la importancia del intelecto en el arte y en la poesía, afirmando su distinción y unidad indivisible. Esta obra constituye una contribución que tiende a articular la poesía inglesa, norteamericana y francesa; al mismo tiempo es la pr...

Descripción completa

Guardado en:
Detalles Bibliográficos
Autor principal: Maritain, Jacques (autor)
Formato: Libro
Idioma:Inglés
Publicado: Nueva York, EUA : Meridian Books, 1955, c1953
Temas:
Etiquetas: Agrega una etiqueta
Sin etiquetas, Sé el primero en etiquetar este registro!

MARC

LEADER 00000nam^a2200000^a^4500
001 000010435
005 20250521000000.0
009 20260310083704.798
037 |a Acervo ITESO - Biblioteca 
041 |a ING 
082 |a 149. 91  |b MAR OBR POE 
100 |a Maritain, Jacques  |e (autor) 
245 1 0 |a Creative Intuition in Art and Poetry /  |c J. Martain. 
264 4 |a Nueva York, EUA :  |b Meridian Books,  |c 1955, c1953 
300 |a 339 p. 
336 |a texto  |b txt  |2 rdacontenido 
337 |a sin mediación  |b n  |2 rdamedio 
338 |a volumen  |b nc  |2 rdasoporte 
520 |a Estudio de filosofía del arte en la que Jacques Maritain establece la importancia del intelecto en el arte y en la poesía, afirmando su distinción y unidad indivisible. Esta obra constituye una contribución que tiende a articular la poesía inglesa, norteamericana y francesa; al mismo tiempo es la primera de una serie de conferencias publicadas por la National Gallery of Art, de Washington, conocida como la A.W. Mellon Lectures in the Fine Arts, fundada en 1952, y que se propone llevar a la gente estadounidense lo mejor del pensamiento sobre las bellas artes. 
649 |a XX 
650 |a Creación (Literaria, Artística, etc.) 
650 |a Intuición 
650 |a Creatividad 
650 |a Humanismo 
650 |a Neotomismo -  |x Tema Principal 
650 |a Literatura 
650 |a Música 
650 |a Poesía 
650 |a Estética -  |x Tema Principal 
650 |a Arte -  |x Teoría 
650 |a Arte -  |x Historia y Crítica 
650 |a Filosofía del Siglo XX 
650 |a Filosofía Francesa 
910 |a Fondo General 
920 |a Impresos - Libros 
930 |a Colección General 
905 |a 101 
901 |a 0104350100  |b IT1  |c ACC  |i 010435  |u 20250521 
902 |a https://opac.biblio.iteso.mx/vufind/Record/000010435